000 00375nam a2200145Ia 4500
008 210210b1996 xxu||||| |||| 00| 0 eng d
020 _a81 7033 309 8
082 _a305.56 SINR
100 _aSINGH (S N).
245 _aReservation policy for backward classes.
260 _aND
_bRawat Publications
_c1996
300 _avi,320
690 _aSocial Structure
906 _a050948
999 _c99807
_d99807